[Event "Tolima Deportivo op"]
[Site "Tolima"]
[Date "2021.11.14"]
[Round "4"]
[White "Cuartas Lozano, Santiago"]
[Black "Mancilla Angarita, Leonardo"]
[Result "1/2-1/2"]
[WhiteElo "1429"]
[BlackElo "2012"]
[PlyCount "47"]
[EventDate "2021.11.12"]
[EventType "swiss"]
[EventRounds "7"]
[EventCountry "COL"]
[SourceTitle "CBM 205 Extra"]
[Source "ChessBase"]
[SourceDate "2022.01.31"]
[SourceVersion "1"]
[SourceVersionDate "2022.01.31"]
[SourceQuality "1"]

1. e4 e5 2. Nf3 Nc6 3. d4 exd4 4. Nxd4 Qh4 5. Nc3 Bb4 6. Be3 Qxe4 7. Ndb5 Qe5 8. Qd5 Bxc3+ 9. bxc3 Kd8 10. Qxf7 Nge7 11. 0-0-0 Qf6 12. Qxf6 gxf6 13. Bf4 Ne5 14. Be2 a6 15. Nd4 d6 16. Nf3 N7c6 17. Rhe1 Be6 18. Kb1 Kd7 19. Nd4 Rae8 20. Nxe6 Rxe6 21. Bg3 f5 22. f4 Ng6 23. Bd3 Rf8 24. Rf1 1/2-1/2

[Event "Tolima Deportivo op"]
[Site "Tolima"]
[Date "2021.11.14"]
[Round "5"]
[White "Mancilla Angarita, Leonardo"]
[Black "Perez, Juan Sebastian"]
[Result "1-0"]
[WhiteElo "2012"]
[BlackElo "1376"]
[PlyCount "55"]
[EventDate "2021.11.12"]
[EventType "swiss"]
[EventRounds "7"]
[EventCountry "COL"]
[SourceTitle "CBM 205 Extra"]
[Source "ChessBase"]
[SourceDate "2022.01.31"]
[SourceVersion "1"]
[SourceVersionDate "2022.01.31"]
[SourceQuality "1"]

1. e4 e5 2. Nf3 Nc6 3. Bc4 Nf6 4. c3 Bc5 5. d4 exd4 6. e5 Ne4 7. Bd5 f5 8. cxd4 Bb4+ 9. Bd2 Nxd2 10. Nbxd2 g5 11. a3 Be7 12. Nxg5 h5 13. Nf7 Nxd4 14. Nxh8 d6 15. Qxh5+ Kd7 16. e6+ Nxe6 17. Bxe6+ Kxe6 18. Qf7+ Kd7 19. Ng6 b6 20. 0-0 Bb7 21. Qxf5+ Ke8 22. Nxe7 Qxe7 23. Rfe1 Qxe1+ 24. Rxe1+ Kd8 25. Qf7 Bc6 26. Re7 Kc8 27. Rxc7+ Kd8 28. Qe7# 1-0

[Event "Puerto La Cruz FVA A 1800 a 1999"]
[Site "Puerto La Cruz"]
[Date "2014.07.11"]
[Round "4.4"]
[White "Camacho, Maria Laura"]
[Black "Mancilla Angarita, Leonardo"]
[Result "1/2-1/2"]
[WhiteElo "1825"]
[BlackElo "1974"]
[PlyCount "128"]
[EventDate "2014.07.10"]
[EventType "swiss"]
[EventRounds "7"]
[EventCountry "VEN"]
[SourceTitle "EXT 2022"]
[Source "ChessBase"]
[SourceDate "2021.10.06"]
[SourceVersion "1"]
[SourceVersionDate "2021.10.06"]
[SourceQuality "1"]

1. d4 Nf6 2. Nf3 d5 3. e3 Bf5 4. Bd3 Bxd3 5. Qxd3 c6 6. b3 Nbd7 7. Bb2 e6 8. 0-0 Be7 9. c4 0-0 10. Nc3 Re8 11. Rac1 Nf8 12. e4 dxe4 13. Nxe4 Ng6 14. Rfd1 Qa5 15. a3 Rad8 16. b4 Qh5 17. Ng3 Qh6 18. Rc2 Nf4 19. Qd2 Bd6 20. Qe1 Qg6 21. Rcd2 Ng4 22. h3 Nh6 23. Ne5 Qg5 24. Nd3 Nf5 25. Nxf4 Bxf4 26. Rd3 Nh4 27. Qf1 Bc7 28. Ne2 Ng6 29. Bc1 Qf6 30. g3 Rd7 31. Kg2 Red8 32. h4 h6 33. Rf3 Qe7 34. Bb2 Ne5 35. Rc3 Ng6 36. Rcc1 e5 37. dxe5 Bxe5 38. Bxe5 Qxe5 39. c5 Qe4+ 40. Kh2 Ne5 41. Nc3 Qf3 42. Rxd7 Rxd7 43. Qg2 Ng4+ 44. Kg1 Rd3 45. Qxf3 Rxf3 46. Rc2 Nxf2 47. Kg2 Nd3 48. Re2 Ne1+ 49. Rxe1 Rxc3 50. Re8+ Kh7 51. Re7 Rxa3 52. Rxb7 a5 53. b5 cxb5 54. Rxb5 a4 55. Ra5 Rc3 56. Rxa4 Rxc5 57. Ra6 Rf5 58. g4 Rb5 59. Kg3 g6 60. Rc6 Kg7 61. Ra6 Rb1 62. Rc6 Rg1+ 63. Kh3 Rf1 64. Kg3 Rf6 1/2-1/2

[Event "Puerto La Cruz FVA A 1800 a 1999"]
[Site "Puerto La Cruz"]
[Date "2014.07.10"]
[Round "2.3"]
[White "Rincon Gonzalez, Rosemary"]
[Black "Mancilla Angarita, Leonardo"]
[Result "1-0"]
[WhiteElo "1890"]
[BlackElo "1974"]
[PlyCount "61"]
[EventDate "2014.07.10"]
[EventType "swiss"]
[EventRounds "7"]
[EventCountry "VEN"]
[SourceTitle "EXT 2022"]
[Source "ChessBase"]
[SourceDate "2021.10.06"]
[SourceVersion "1"]
[SourceVersionDate "2021.10.06"]
[SourceQuality "1"]

1. e4 e5 2. Nf3 f5 3. Nxe5 Qf6 4. d4 d6 5. Nc4 fxe4 6. Nc3 Bf5 7. Nd5 Qf7 8. Nce3 Be6 9. Bc4 Kd8 10. Bb3 c6 11. Nc3 d5 12. 0-0 Bd6 13. f4 g6 14. Ng4 Bxg4 15. Qxg4 Qf5 16. Qh4+ Be7 17. Qf2 Nf6 18. h3 h5 19. Nd1 Nbd7 20. Ne3 Qe6 21. f5 gxf5 22. Nxf5 Rf8 23. Bh6 Rg8 24. Rac1 b5 25. a4 a6 26. Qd2 Kc7 27. Bg5 Kb7 28. Qf4 Raf8 29. axb5 axb5 30. Ra1 Rg6 31. Ra7+ 1-0